000 00581nam a2200193Ia 4500
003 OSt
005 20251205121600.0
008 210719s1962 xx 000 0 und d
040 _cAL
041 _aKannada
082 _aK894.8 RAJP
100 _aRAJAGOPALAYYANGAR (T S)
_dರಾಜಗೋಪಾಲಯ್ಯಂಗಾರ್ (ಟಿ ಎಸ್)
_9247821
245 _aPrajabhipraya.
_bಪ್ರಜಾಭಿಪ್ರಾಯ.
260 _aMaisuru
_bVishvavidyanilaya
_c1962
300 _ax,63
_bPB
365 _b25
_cRs
650 _aKannada Miscellaneous
_9247822
942 _2ddc
_cBK
999 _c213094
_d213094